| 000 | 00614nam a2200229Ia 4500 | ||
|---|---|---|---|
| 001 | 3360 | ||
| 003 | GE_BSU | ||
| 008 | 181216s||||||||xx |||||||||||||| ||und|| | ||
| 040 | _cGE_BSU | ||
| 080 | _a621.96 | ||
| 100 | _aГрановский, Г.И. Грановский,В.Г. | ||
| 245 | _aРезание металлов. | ||
| 245 | _bУчебник. | ||
| 245 | _cРед.А.В.Дубровский. | ||
| 260 | _aМ. | ||
| 260 | _bВысш. школа. | ||
| 260 | _c1985. | ||
| 300 | _a304 стр.с илл.22см. | ||
| 300 | _eтабл. | ||
| 653 | _aРезание металлов. | ||
| 942 | _cBK | ||
| 999 |
_c37401 _d37401 |
||